| 000 | 00675cam a2200229 a 4500 | ||
|---|---|---|---|
| 001 | 0000001913 | ||
| 003 | OSt | ||
| 005 | 20140825163958.0 | ||
| 008 | 860314s1986 tnua 00010 eng | ||
| 020 | _a0687013801 (alk. paper) | ||
| 035 | _a 86003493 //r87 | ||
| 040 |
_aPUL _cPUL |
||
| 050 |
_aBX8382.2 _b.W55 1986 |
||
| 100 | 1 | 0 |
_aWilke, Richard B., _d1930- |
| 245 | 1 | 0 |
_aAnd are we yet alive? : _bthe future of the United Methodist Church / _cRichard B. Wilke. |
| 260 | 0 |
_aNashville : _bAbingdon Press, _cc1986. |
|
| 300 |
_a124 p. : _bill. ; _c23 cm. |
||
| 610 | 2 | 0 | _aUnited Methodist Church (U.S.) |
| 650 | 0 | _aMethodist Church. | |
| 908 | _a050128 | ||
| 942 |
_2lcc _cBK |
||
| 999 |
_c1850 _d1850 |
||